Brawl Stars - Statystyki

Ogólne statystyki
  • Ten quiz został rozwiązany 397 razy
  • Średni wynik to 6 z 8
Statystyki odpowiedzi
Zagadnienie Odpowiedź % Poprawnych
Która z tych postaci jest legendarna? Crow
100%
Jaka jest najdroższa postać za pucharki? EMZ
100%
W którym roku powstało Brawl Stars? 2017
91%
Jaka firma stworzyła Brawl Stars Supercell
91%
Ile kosztuje skin do Leona Sharka? 80 gemów
73%
Czy w grze da się zdobyć darmowe gemy Tak
64%
Ile jest trybów gry? 6
55%
Ile jest mythiców? 6
36%
Nie znaleziono quizów pasujących do podanych kryteriów
Rozkład punktacji
Procent ludzi z każdym wynikiem
Percentyl według liczby udzielonych odpowiedzi
Twoja historia wyników
Nie rozwiązałeś tego quizu